Policy implications based on the work done by CPRC India (Record no. 493466)

000 -LEADER
fixed length control field 00456cam a22001337a 4500
008 - FIXED-LENGTH DATA ELEMENTS--GENERAL INFORMATION
fixed length control field 180718b2005 xxu||||| |||| 00| 0 eng d
082 ## - DEWEY DECIMAL CLASSIFICATION NUMBER
Classification number Q31 N194
100 ## - MAIN ENTRY--PERSONAL NAME
Personal name Nath, N.C.B.
245 ## - TITLE STATEMENT
Title Policy implications based on the work done by CPRC India
Statement of responsibility, etc. by N.C.B. Nath
260 ## - PUBLICATION, DISTRIBUTION, ETC.
Place of publication, distribution, etc. New Delhi
Name of publisher, distributor, etc. Indian Institute of Public Administration and Chronic Poverty Research Centre
Date of publication, distribution, etc. 2005
300 ## - PHYSICAL DESCRIPTION
Extent 37p.
440 ## - SERIES STATEMENT/ADDED ENTRY--TITLE
Title CPRC-IIPA working paper; no. 26
650 ## - SUBJECT ADDED ENTRY--TOPICAL TERM
Topical term or geographic name entry element Poverty
Holdings
Withdrawn status Lost status Damaged status Not for loan Permanent Location Current Location Date acquired Full call number Barcode Date last seen Price effective from Koha item type
        Indian Institute of Public Administration Indian Institute of Public Administration 2018-08-04 Q31 N194 GR20214 2018-08-04 2018-08-04 GR
        Indian Institute of Public Administration Indian Institute of Public Administration 2018-08-04 Q31 N194 GR17838 2018-08-04 2018-08-04 GR
        Indian Institute of Public Administration Indian Institute of Public Administration 2018-08-04 Q31 N194 GR17837 2018-08-04 2018-08-04 GR

Powered by Koha